| 000 | 00511nam a2200193Ia 4500 | ||
|---|---|---|---|
| 003 | 0100 | ||
| 008 | 130227s9999 xx 000 0 und d | ||
| 040 | _cARRUPELIB | ||
| 050 |
_aB485. _bK55 2007 |
||
| 100 |
_aKnight, Kevin _918611 |
||
| 245 | _aAristotelian Philosophy | ||
| 245 | _bethics and politics from aristotle to macintyre | ||
| 260 | _aCambridge, UK | ||
| 260 | _bPolity Press | ||
| 300 | _avii | ||
| 300 | _b 247p. 23cm. | ||
| 650 |
_bPhysics - Early works _918612 |
||
| 942 |
_2lcc _03 _cMONOGRAPH |
||
| 999 |
_c3638 _d3638 |
||